000
00318nam a22001337a 4500
020
_a
978-1-84255-066-3
082
_a
823
_b
SIM/H
100
_a
FRANCESCA SIMON
245
_a
HORRID HENRY'S STINKBOMB
260
_a
GREAT BRITIAN
_b
ORION
_c
2002
300
_a
83
650
_a
CHILDREN STORY BOOK
_z
UNITED KINGDOM
942
_c
BK
999
_c
100
_d
100